| 000 | 00425nam a22001217a 4500 | ||
|---|---|---|---|
| 999 |
_c10185 _d10185 |
||
| 003 | OSt | ||
| 008 | 201218b ||||| |||| 00| 0 eng d | ||
| 245 | _aJournal of Engineering Education | ||
| 250 | _a2008(Jan-Mar Vol.11 No.3, Apr-Jun Vol.21 No.4, Jul-Oct Vol.22 No.1-2) | ||
| 260 |
_aPune, Maharashtra _bMarathwada Mitra Mandal's College of Engineering |
||
| 650 | _aElectronics and Communication Engineering | ||
| 942 |
_2ddc _cBV |
||